000 00554nam a2200193 a 4500
001 000019584
005 20200929170051.0
008 100630s1988 ag ac r 000 p spa d
020 _a9504318878
040 _aDO-SdBNP
_bspa
_cBNPHU
082 _aA861
_bS528m
100 1 _aShannon, Pamela
_942006
245 1 0 _aMomentos /
_cPamela Shannon.
260 _aBuenos Aires, Argentina :
_bEdiciones Athenas,
_c1988.
300 _a53 p. :
_bil., retrs. ;
_c20 cm.
650 4 _aPoesía argentina
_93859
650 4 _aLiteratura argentina
_93860
049 _aBNGR
999 _c19100
_d19100